000 00267nam a22001217a 4500
008 170225b xxu||||| |||| 00| 0 eng d
041 _aeng
080 _24TH
_a617
100 _a5
101 _aSHK
245 _aTEXTBOOK OF ORAL SURGERY
_cKRUGER, G.O
942 _2udc
_cBK
999 _c6246
_d6246